Romania... or Moldova? - Statistics

General Stats
  • This quiz has been taken 36 times
  • The average score is 16 of 18
Answer Stats
Question Answer % Correct
Has an eagle on its flag Moldova
100%
It borders Serbia Romania
100%
Has a larger land area Romania
100%
It is a member of the European Union Romania
100%
Its biggest cities are Bucharest and Cluj-Napoca Romania
100%
It gained independence in 1991 Moldova
97%
It is the birthplace of the gymnast who received the first perfect score in Olympic history Romania
97%
It has a female president Moldova
94%
The Danube flows into the sea there Romania
94%
Is closer to Russia Moldova
91%
It has won the World Handball Championship four times Romania
91%
It is landlocked Moldova
88%
It was part of the Soviet Union Moldova
88%
The country with Gagauzia and Transnistria Moldova
85%
It lies in the historical region of Bessarabia Moldova
82%
It was a member of the Warsaw Pact Romania
82%
The song "Dragostea din Tei" is from this country Moldova
65%
The highest peak in this country is Moldoveanu Romania
65%
No matching quizzes found
Score Distribution
Percent of People with Each Score
Percentile by Number Answered
Your Score History
You have not taken this quiz